000
00279nam a22001097a 4500
008
160512b xxu||||| |||| 00| 0 eng d
020
_a
0781764882
041
_a
eng
080
_a
61
245
_a
Clinical guide for contraception:
_c
Leon Speroff; Philip D. Darney;
942
_2
udc
_c
BK
999
_c
2069
_d
2069